| 000 | 00639cam a2200145 4500500 | ||
|---|---|---|---|
| 005 | 20251228053359.0 | ||
| 041 | _afre | ||
| 042 | _adc | ||
| 100 | 1 | 0 |
_aBernet, Jacques _eauthor |
| 245 | 0 | 0 | _aLe Monde rural haut-marnais, 18e journées d’art et d’histoire, Montigny-le-Roi, 11 octobre 1997, Cahiers Haut-Marnais, n° 224-225, 1er-2e trimestres 2001, Chaumont, 2002, 87 p. |
| 260 | _c2005. | ||
| 500 | _a17 | ||
| 786 | 0 | _nHistoire & Sociétés Rurales | 24 | 2 | 2005-10-01 | p. 171zg-276zg | 1254-728X | |
| 856 | 4 | 1 | _uhttps://shs.cairn.info/revue-histoire-et-societes-rurales-2005-2-page-171zg?lang=fr&redirect-ssocas=7080 |
| 999 |
_c1585302 _d1585302 |
||